<?xml version="1.0" encoding="UTF-8"?>
<record
    xmlns:xsi="http://www.w3.org/2001/XMLSchema-instance"
    xsi:schemaLocation="http://www.loc.gov/MARC21/slim http://www.loc.gov/standards/marcxml/schema/MARC21slim.xsd"
    xmlns="http://www.loc.gov/MARC21/slim">

  <leader>01069nam a22002177a 4500</leader>
  <controlfield tag="005">20180910131247.0</controlfield>
  <datafield tag="010" ind1=" " ind2=" ">
    <subfield code="a">HIN-99619      B-702300-306  </subfield>
  </datafield>
  <datafield tag="020" ind1=" " ind2=" ">
    <subfield code="c">400.00</subfield>
    <subfield code="a">9788171501014</subfield>
  </datafield>
  <datafield tag="020" ind1=" " ind2=" ">
    <subfield code="c">595.00 </subfield>
  </datafield>
  <datafield tag="035" ind1=" " ind2=" ">
    <subfield code="a">HN-71965</subfield>
  </datafield>
  <datafield tag="035" ind1=" " ind2=" ">
    <subfield code="a">B-702300-306</subfield>
  </datafield>
  <datafield tag="037" ind1=" " ind2=" ">
    <subfield code="b">DBAD/PUB</subfield>
  </datafield>
  <datafield tag="082" ind1=" " ind2=" ">
    <subfield code="a">425</subfield>
  </datafield>
  <datafield tag="245" ind1=" " ind2=" ">
    <subfield code="a">&#x939;&#x93F;&#x928;&#x94D;&#x926;&#x940; &#x915;&#x947; &#x924;&#x940;&#x928; &#x92A;&#x917; &#x930;&#x93E;&#x91C;&#x92D;&#x93E;&#x937;&#x93E;, &#x930;&#x93E;&#x937;&#x94D;&#x91F;&#x94D;&#x930;&#x92D;&#x93E;&#x937;&#x93E;, &#x935;&#x93F;&#x936;&#x94D;&#x935;&#x92D;&#x93E;&#x937;&#x93E; /</subfield>
    <subfield code="c">&#x92C;&#x932;&#x926;&#x947;&#x935; &#x935;&#x902;&#x936;&#x940; &#x926;&#x94D;&#x935;&#x93E;&#x930;&#x93E; &#x938;&#x902;&#x92A;&#x93E;&#x926;&#x93F;&#x924;</subfield>
  </datafield>
  <datafield tag="260" ind1=" " ind2=" ">
    <subfield code="a">&#x926;&#x93F;&#x932;&#x94D;&#x932;&#x940;</subfield>
    <subfield code="b">&#x907;&#x928;&#x94D;&#x926;&#x94D;&#x930;&#x92A;&#x94D;&#x930;&#x938;&#x94D;&#x925; &#x92A;&#x94D;&#x930;&#x915;&#x93E;&#x936;&#x928;</subfield>
    <subfield code="c">2017 </subfield>
  </datafield>
  <datafield tag="270" ind1=" " ind2=" ">
    <subfield code="a">&#x915;&#x947;-71, &#x915;&#x943;&#x937;&#x94D;&#x923;&#x93E; &#x928;&#x917;&#x930;,</subfield>
    <subfield code="b">&#x926;&#x93F;&#x932;&#x94D;&#x932;&#x940;</subfield>
    <subfield code="e">110051</subfield>
  </datafield>
  <datafield tag="300" ind1=" " ind2=" ">
    <subfield code="a">264&#x92A;&#x943;.</subfield>
    <subfield code="c">22 &#x938;&#x947;&#x902;.&#x92E;&#x940;.(&#x938;&#x91C;&#x93F;&#x932;&#x94D;&#x926;)</subfield>
  </datafield>
  <datafield tag="700" ind1=" " ind2=" ">
    <subfield code="d">&#x935;&#x902;&#x936;&#x940;,&#x92C;&#x932;&#x926;&#x947;&#x935; </subfield>
  </datafield>
  <datafield tag="942" ind1=" " ind2=" ">
    <subfield code="2">ddc</subfield>
    <subfield code="c">HN</subfield>
    <subfield code="h">425</subfield>
    <subfield code="m">&#x939;&#x93F;&#x928;&#x94D;&#x926;&#x940;&#x915;&#x947;</subfield>
  </datafield>
  <datafield tag="999" ind1=" " ind2=" ">
    <subfield code="c">76968</subfield>
    <subfield code="d">76968</subfield>
  </datafield>
  <datafield tag="952" ind1=" " ind2=" ">
    <subfield code="0">0</subfield>
    <subfield code="1">0</subfield>
    <subfield code="4">0</subfield>
    <subfield code="7">1</subfield>
    <subfield code="8">NFIC</subfield>
    <subfield code="a">DBAD</subfield>
    <subfield code="b">BN</subfield>
    <subfield code="d">2013-06-25</subfield>
    <subfield code="e">DBAD/PUB</subfield>
    <subfield code="g">400.00</subfield>
    <subfield code="l">0</subfield>
    <subfield code="o">425 &#x939;&#x93F;&#x928;&#x94D;&#x926;&#x940;&#x915;&#x947;</subfield>
    <subfield code="p">HN-71965</subfield>
    <subfield code="r">2013-06-25 00:00:00</subfield>
    <subfield code="t">1</subfield>
    <subfield code="v">400.00</subfield>
    <subfield code="y">HN</subfield>
  </datafield>
  <datafield tag="952" ind1=" " ind2=" ">
    <subfield code="0">0</subfield>
    <subfield code="1">0</subfield>
    <subfield code="4">0</subfield>
    <subfield code="7">0</subfield>
    <subfield code="8">NFIC</subfield>
    <subfield code="a">L</subfield>
    <subfield code="b">L</subfield>
    <subfield code="d">2018-09-10</subfield>
    <subfield code="e">Indraprastha Prakashan/1014/14-05-18/63/25-04-18/20-08-18  </subfield>
    <subfield code="g">595.00</subfield>
    <subfield code="l">1</subfield>
    <subfield code="m">2</subfield>
    <subfield code="o">425 &#x939;&#x93F;&#x928;&#x94D;&#x926;&#x940;&#x915;&#x947;</subfield>
    <subfield code="p">B-702300</subfield>
    <subfield code="r">2021-02-11 00:00:00</subfield>
    <subfield code="s">2020-12-18</subfield>
    <subfield code="t">1</subfield>
    <subfield code="v">595.00</subfield>
    <subfield code="w">2018-09-10</subfield>
    <subfield code="y">HN</subfield>
  </datafield>
  <datafield tag="952" ind1=" " ind2=" ">
    <subfield code="0">0</subfield>
    <subfield code="1">0</subfield>
    <subfield code="4">0</subfield>
    <subfield code="7">0</subfield>
    <subfield code="8">NFIC</subfield>
    <subfield code="a">AV</subfield>
    <subfield code="b">AV</subfield>
    <subfield code="d">2018-09-10</subfield>
    <subfield code="e">Indraprastha Prakashan/1014/14-05-18/63/25-04-18/20-08-18  </subfield>
    <subfield code="g">595.00</subfield>
    <subfield code="l">0</subfield>
    <subfield code="o">425 &#x939;&#x93F;&#x928;&#x94D;&#x926;&#x940;&#x915;&#x947;</subfield>
    <subfield code="p">B-702301</subfield>
    <subfield code="r">2018-09-10 00:00:00</subfield>
    <subfield code="t">1</subfield>
    <subfield code="v">595.00</subfield>
    <subfield code="y">HN</subfield>
  </datafield>
  <datafield tag="952" ind1=" " ind2=" ">
    <subfield code="0">0</subfield>
    <subfield code="1">0</subfield>
    <subfield code="4">0</subfield>
    <subfield code="7">0</subfield>
    <subfield code="8">NFIC</subfield>
    <subfield code="a">BL1</subfield>
    <subfield code="b">BL1</subfield>
    <subfield code="d">2018-09-10</subfield>
    <subfield code="e">Indraprastha Prakashan/1014/14-05-18/63/25-04-18/20-08-18  </subfield>
    <subfield code="g">595.00</subfield>
    <subfield code="l">0</subfield>
    <subfield code="o">425 &#x939;&#x93F;&#x928;&#x94D;&#x926;&#x940;&#x915;&#x947;</subfield>
    <subfield code="p">B-702302</subfield>
    <subfield code="r">2018-09-10 00:00:00</subfield>
    <subfield code="t">1</subfield>
    <subfield code="v">595.00</subfield>
    <subfield code="y">HN</subfield>
  </datafield>
  <datafield tag="952" ind1=" " ind2=" ">
    <subfield code="0">0</subfield>
    <subfield code="1">0</subfield>
    <subfield code="4">0</subfield>
    <subfield code="7">0</subfield>
    <subfield code="8">NFIC</subfield>
    <subfield code="a">JP</subfield>
    <subfield code="b">JP</subfield>
    <subfield code="d">2018-09-10</subfield>
    <subfield code="e">Indraprastha Prakashan/1014/14-05-18/63/25-04-18/20-08-18  </subfield>
    <subfield code="g">595.00</subfield>
    <subfield code="l">0</subfield>
    <subfield code="o">425 &#x939;&#x93F;&#x928;&#x94D;&#x926;&#x940;&#x915;&#x947;</subfield>
    <subfield code="p">B-702303</subfield>
    <subfield code="r">2018-09-10 00:00:00</subfield>
    <subfield code="t">1</subfield>
    <subfield code="v">595.00</subfield>
    <subfield code="y">HN</subfield>
  </datafield>
  <datafield tag="952" ind1=" " ind2=" ">
    <subfield code="0">0</subfield>
    <subfield code="1">0</subfield>
    <subfield code="4">0</subfield>
    <subfield code="7">0</subfield>
    <subfield code="8">NFIC</subfield>
    <subfield code="a">ZLS</subfield>
    <subfield code="b">ZLS</subfield>
    <subfield code="d">2018-09-10</subfield>
    <subfield code="e">Indraprastha Prakashan/1014/14-05-18/63/25-04-18/20-08-18  </subfield>
    <subfield code="g">595.00</subfield>
    <subfield code="l">0</subfield>
    <subfield code="o">425 &#x939;&#x93F;&#x928;&#x94D;&#x926;&#x940;&#x915;&#x947;</subfield>
    <subfield code="p">B-702304</subfield>
    <subfield code="r">2018-09-10 00:00:00</subfield>
    <subfield code="t">1</subfield>
    <subfield code="v">595.00</subfield>
    <subfield code="y">HN</subfield>
  </datafield>
  <datafield tag="952" ind1=" " ind2=" ">
    <subfield code="0">0</subfield>
    <subfield code="1">0</subfield>
    <subfield code="4">0</subfield>
    <subfield code="7">0</subfield>
    <subfield code="8">NFIC</subfield>
    <subfield code="a">VP</subfield>
    <subfield code="b">VP</subfield>
    <subfield code="d">2018-09-10</subfield>
    <subfield code="e">Indraprastha Prakashan/1014/14-05-18/63/25-04-18/20-08-18  </subfield>
    <subfield code="g">595.00</subfield>
    <subfield code="l">0</subfield>
    <subfield code="o">425 &#x939;&#x93F;&#x928;&#x94D;&#x926;&#x940;&#x915;&#x947;</subfield>
    <subfield code="p">B-702305</subfield>
    <subfield code="r">2018-09-10 00:00:00</subfield>
    <subfield code="t">1</subfield>
    <subfield code="v">595.00</subfield>
    <subfield code="y">HN</subfield>
  </datafield>
  <datafield tag="952" ind1=" " ind2=" ">
    <subfield code="0">0</subfield>
    <subfield code="1">0</subfield>
    <subfield code="4">0</subfield>
    <subfield code="7">0</subfield>
    <subfield code="8">NFIC</subfield>
    <subfield code="a">BL4</subfield>
    <subfield code="b">BL4</subfield>
    <subfield code="d">2018-09-10</subfield>
    <subfield code="e">Indraprastha Prakashan/1014/14-05-18/63/25-04-18/20-08-18  </subfield>
    <subfield code="g">595.00</subfield>
    <subfield code="l">0</subfield>
    <subfield code="o">425 &#x939;&#x93F;&#x928;&#x94D;&#x926;&#x940;&#x915;&#x947;</subfield>
    <subfield code="p">B-702306</subfield>
    <subfield code="r">2018-09-10 00:00:00</subfield>
    <subfield code="t">1</subfield>
    <subfield code="v">595.00</subfield>
    <subfield code="y">HN</subfield>
  </datafield>
</record>
